Rejoice Evermore in the Presence of the Lord (Record no. 22873)

MARC details
000 -LEADER
fixed length control field 00363nam a22001337a 4500
082 ## - DEWEY DECIMAL CLASSIFICATION NUMBER
Classification number 242
Author Cutter SIM
100 ## - MAIN ENTRY--AUTHOR NAME
Author name Simon , C. Thambi
245 ## - TITLE STATEMENT
Title Rejoice Evermore in the Presence of the Lord
260 ## - PUBLICATION, DISTRIBUTION, ETC. (IMPRINT)
Place of publication Delhi :
Name of publisher Indian Society for Promoting Christian Knowledge,
Year of publication 2019
300 ## - PHYSICAL DESCRIPTION
Number of Pages 273
650 ## - SUBJECT ADDED ENTRY--TOPICAL TERM
Topical Term Spiritual life -- Christianity.
942 ## - ADDED ENTRY ELEMENTS (KOHA)
Koha item type Books
Holdings
Home library Current library Shelving location Date acquired Source of acquisition Cost, normal purchase price Full call number Accession Number Koha item type
Henry Martyn Institute Library Henry Martyn Institute Library General stacks 06/02/2020 ISPCK 325.00 242 SIM 11-4223 Books
Henry Martyn Institute Library Henry Martyn Institute Library General stacks 06/02/2020 ISPCK 325.00 242 SIM 11004222 Books
                   Copyright © 2026 | Henry Martyn Institute | Hyderabad | TS-500052 | INDIA | Implemented by hmi.edu.in
Hit-Count:

Powered by Koha